000 00284nam a22001337a 4500
999 _c54942
_d54942
008 190927b ||||| |||| 00| 0 eng d
041 _aeng
080 _212th
_a57
_b57
082 _a57
100 _a11
101 _aBIO
245 _aInquiry into Life
_cMader,S.S
942 _2udc
_cBK